Top 15 Brooklyn Nets players of all-time - Statistics

General Stats
  • This quiz has been taken 47 times
  • The average score is 8 of 15
Answer Stats
Pos/Placement Answer % Correct
PG #10 Kyrie Irving
98%
PF #6 Kevin Durant
95%
SF #1 Julius Erving
93%
PG #2 Jason Kidd
88%
SG #15 James Harden
76%
C #4 Brook Lopez
71%
SG #13 Vince Carter
62%
C #7 Buck Williams
50%
PG #12 Deron Williams
50%
PF #9 Kenyon Martin
36%
SF #8 Richard Jefferson
33%
SG #3 Drazen Petrovic
24%
PF #5 Derrick Coleman
21%
PG #11 Kenny Anderson
12%
SF #14 Bernard King
5%
No matching quizzes found
Score Distribution
Percent of People with Each Score
Percentile by Number Answered
Your Score History
You have not taken this quiz